| 000 | 00701nam a2200241 a 4500 | ||
|---|---|---|---|
| 001 | BRCA_760 | ||
| 005 | 20190320203134.0 | ||
| 008 | 990406s1998 mx-a---##b---#001-0#spa-d | ||
| 020 | _a970663021X | ||
| 050 | 4 |
_aTX817 _b.B46 1998 |
|
| 100 | 1 |
_aBenítez, Ana M. de _92522 |
|
| 245 | 1 | 0 |
_aDel cacao al chocolate _cAna M. de Benítez. |
| 260 |
_aMéxico _bClío _c1998 |
||
| 300 |
_a93 p. _bil. a color _c27 cm. |
||
| 500 | _aIncluye índice de recetas y glosario | ||
| 504 | _aBibliografía: p. [95] | ||
| 650 | 1 | 4 |
_aChocolate (Cocina) _xHistoria _zMéxico _92523 |
| 650 | 1 | 4 |
_aCacao _xHistoria _92524 |
| 650 | 1 | 4 |
_aPostres _92525 |
| 653 | 0 | _aCocina mexicana | |
| 653 | 0 | _aGastronomía | |
| 942 |
_2lcc _cB |
||
| 999 |
_c659 _d659 |
||